[Event "Druga liga Srbije- Grupa Vojvodina 2014"]
[Site "Kac, hotel "]
[Date "2014.11.13"]
[Round "8.2"]
[White "Del Rey, Diego"]
[Black "Bokros, Albert"]
[Result "1/2-1/2"]
[WhiteElo "2379"]
[BlackElo "2485"]
[PlyCount "52"]
[EventDate "2014.11.08"]

1. d4 d5 2. c4 e6 3. Nf3 Nf6 4. Nc3 Bb4 5. cxd5 exd5 6. Bg5 h6 7. Bxf6 Qxf6 8.
Qb3 c5 9. a3 Bxc3+ 10. Qxc3 Nd7 11. e3 O-O 12. Be2 b6 13. O-O Bb7 14. Bb5 Bc6
15. Bxc6 Qxc6 16. dxc5 bxc5 17. b4 Rac8 18. Rfd1 Nb6 19. bxc5 Qxc5 20. Qb4 Rc7
21. h3 Rfc8 22. Nd4 a5 23. Qxc5 Rxc5 24. Nb3 Rb5 25. Nd4 Rbc5 26. Nb3 Rb5
1/2-1/2

[Event "Druga liga Srbije- Grupa Vojvodina 2014"]
[Site "Kac, hotel "]
[Date "2014.11.13"]
[Round "8.2"]
[White "Somborski, Nebojsa"]
[Black "Drazic, Sinisa"]
[Result "1/2-1/2"]
[WhiteElo "2318"]
[BlackElo "2429"]
[PlyCount "92"]
[EventDate "2014.11.08"]

1. e4 c5 2. Nf3 d6 3. d4 cxd4 4. Nxd4 Nf6 5. Nc3 a6 6. Be2 e5 7. Nb3 Be7 8. Bg5
Be6 9. Bxf6 Bxf6 10. Qd3 Be7 11. O-O Nd7 12. Rfd1 Rc8 13. a4 O-O 14. a5 Nc5 15.
Nxc5 Rxc5 16. b4 Rc4 17. Nd5 Rd4 18. Qf3 Bxd5 19. Rxd4 exd4 20. exd5 Bf6 21.
Bd3 Re8 22. g3 g6 23. Kf1 Kg7 24. Re1 Rxe1+ 25. Kxe1 b6 26. Bxa6 bxa5 27. Qa3
Qe7+ 28. Kf1 axb4 29. Qd3 h5 30. h4 Qe5 31. Bc4 g5 32. hxg5 Qxg5 33. Qe4 Kf8
34. Bd3 Qh6 35. Kg2 Kg7 36. Kf1 Qd2 37. Kg2 Kf8 38. Qe2 Qh6 39. Qe4 Kg7 40. Kf1
Be5 41. Kg2 Qh8 42. Qf5 Qh6 43. Qe4 Qg6 44. Kf1 Bf6 45. Qf4 Be5 46. Bxg6 Bxf4
1/2-1/2

[Event "Druga liga Srbije- Grupa Vojvodina 2014"]
[Site "Kac, hotel "]
[Date "2014.11.13"]
[Round "8.2"]
[White "Ljubisavljevic, Zivojin Z"]
[Black "Bodiroga, Predrag"]
[Result "1/2-1/2"]
[WhiteElo "2158"]
[BlackElo "2358"]
[PlyCount "110"]
[EventDate "2014.11.08"]

1. e4 c6 2. d4 d5 3. Nc3 dxe4 4. Nxe4 Bf5 5. Ng3 Bg6 6. f4 e6 7. Nf3 Nd7 8. Bd3
Ngf6 9. O-O Be7 10. f5 exf5 11. Nxf5 O-O 12. Nxe7+ Qxe7 13. Bxg6 hxg6 14. Bg5
Rfe8 15. Qd3 Qe6 16. Bxf6 gxf6 17. c4 Kg7 18. Rae1 Qd6 19. Qc3 Rad8 20. Re3
Rxe3 21. Qxe3 Nf8 22. Rd1 Ne6 23. Rd2 Nc7 24. Re2 Re8 25. Qd2 Rxe2 26. Qxe2 Qf4
27. Qd2 Qe4 28. Kf2 b6 29. b3 Qe7 30. h4 Ne8 31. Qe3 Qd7 32. Qf4 Nd6 33. g4 Qe6
34. Nd2 a5 35. c5 bxc5 36. dxc5 Nb5 37. g5 fxg5 38. hxg5 Qd5 39. Ne4 Nd4 40.
Qf6+ Kg8 41. Nd6 Nf5 42. Nxf5 gxf5 43. Qd6 Qe4 44. Qd8+ Kh7 45. Qxa5 Qd4+ 46.
Ke2 Kg6 47. a4 f4 48. Qa8 Qe3+ 49. Kf1 Qh3+ 50. Kf2 Qe3+ 51. Kf1 Qc1+ 52. Kg2
Qd2+ 53. Kf1 Qd1+ 54. Kf2 Qd2+ 55. Kf1 Qd1+ 1/2-1/2

[Event "Druga liga Srbije- Grupa Vojvodina 2014"]
[Site "Kac, hotel "]
[Date "2014.11.13"]
[Round "8.2"]
[White "Brajic, Djordje"]
[Black "Dragojlovic, Andjelko"]
[Result "0-1"]
[WhiteElo "2267"]
[BlackElo "2290"]
[PlyCount "85"]
[EventDate "2014.11.08"]

1. e4 g6 2. Nc3 Bg7 3. d3 c6 4. g3 d5 5. Bg2 d4 6. Nce2 c5 7. Nf3 Nc6 8. O-O e5
9. h3 Nge7 10. Nh4 Be6 11. f4 f6 12. g4 exf4 13. Nxf4 Bf7 14. Nf3 O-O 15. Bd2
Qd6 16. Qe1 Rad8 17. Qg3 c4 18. Ne2 Qc5 19. Ne1 Ne5 20. b4 Qb6 21. g5 fxg5 22.
Qxg5 N7c6 23. a3 a6 24. Nf4 Qc7 25. h4 c3 26. Bc1 Rd6 27. Nf3 Rf6 28. Qg3 Nxf3+
29. Rxf3 Ne5 30. Rf2 Qd6 31. Nh3 Rxf2 32. Nxf2 Be6 33. Bf4 Nf3+ 34. Bxf3 Rxf4
35. Kh1 Be5 36. Kg2 Rg4 37. Qxg4 Bxg4 38. Nxg4 h5 39. Nh2 Bf6 40. Rg1 Kh7 41.
e5 Qxe5 42. Be4 Bxh4 43. Kh3 {dalje necitko...65 moves} 0-1

[Event "Druga liga Srbije- Grupa Vojvodina 2014"]
[Site "Kac, hotel "]
[Date "2014.11.13"]
[Round "8.2"]
[White "Jovic, Stevan"]
[Black "Perisic, Radivoj"]
[Result "1/2-1/2"]
[WhiteElo "2273"]
[BlackElo "2323"]
[PlyCount "129"]
[EventDate "2014.11.08"]

1. d4 Nf6 2. c4 e6 3. Nc3 Bb4 4. e3 c5 5. Nf3 Nc6 6. a3 Bxc3+ 7. bxc3 d6 8. Bd3
e5 9. e4 h6 10. h3 Qc7 11. Be3 b6 12. Qe2 Bd7 13. d5 Ne7 14. Nd2 O-O-O 15. Bc2
Kb7 16. g3 Qc8 17. f3 Nh7 18. h4 f5 19. O-O-O fxe4 20. Nxe4 Bf5 21. g4 Bxe4 22.
Bxe4 Nf6 23. Bc2 Rdf8 24. Rdg1 Qe8 25. Qd1 Qf7 26. Rh3 Nd7 27. Bd2 Ng6 28. Bf5
Nf4 29. Bxf4 exf4 30. Re1 Re8 31. Re6 Ne5 32. h5 Qc7 33. Rh1 Nxc4 34. Rxe8 Rxe8
35. Qa4 Qe7 36. Qxc4 Qe3+ 37. Kb1 Qxf3 38. Rf1 Qg2 39. Qb5 Re3 40. a4 Qxd5 41.
a5 Re7 42. Bd3 Qc6 43. Qxc6+ Kxc6 44. axb6 axb6 45. Rxf4 d5 46. Kc2 c4 47. Bf1
Kc5 48. Kd2 Ra7 49. Rf8 b5 50. Rc8+ Kd6 51. Be2 Ra2+ 52. Ke3 Rc2 53. Rg8 Rxc3+
54. Kd2 Rh3 55. Rxg7 d4 56. g5 hxg5 57. Rxg5 Rh2 58. Ke1 d3 59. Bf3 b4 60. Rd5+
Ke7 61. Kd1 b3 62. Kc1 Rf2 63. Be4 Rc2+ 64. Kb1 Re2 65. Bxd3 1/2-1/2

[Event "Druga liga Srbije- Grupa Vojvodina 2014"]
[Site "Kac, hotel "]
[Date "2014.11.13"]
[Round "8.4"]
[White "Indjic, Aleksandar"]
[Black "Drasko, Milan"]
[Result "1-0"]
[WhiteElo "2538"]
[BlackElo "2435"]
[PlyCount "47"]
[EventDate "2014.11.08"]

1. Nf3 Nf6 2. c4 e6 3. Nc3 Bb4 4. g4 Bxc3 5. dxc3 d6 6. g5 Nfd7 7. Bg2 e5 8. h4
Qe7 9. Be3 f5 10. gxf6 Nxf6 11. Ng5 Nbd7 12. Qd3 a5 13. O-O-O Ra6 14. Bh3 Rc6
15. Rhg1 e4 16. Qc2 Nb6 17. Bxc8 Nxc8 18. Rd4 Nb6 19. Nxe4 Nxc4 20. Nxf6+ gxf6
21. Re4 Ne5 22. Bd4 f5 23. Rf4 Rf8 24. Rxf5 1-0

[Event "Druga liga Srbije- Grupa Vojvodina 2014"]
[Site "Kac, hotel "]
[Date "2014.11.13"]
[Round "8.4"]
[White "Vlahovic, Bogdan"]
[Black "Vukic, Milan"]
[Result "1/2-1/2"]
[WhiteElo "2323"]
[BlackElo "2396"]
[PlyCount "89"]
[EventDate "2014.11.08"]

1. Nf3 Nf6 2. g3 d6 3. Bg2 e5 4. c4 c6 5. d3 Be7 6. Nc3 O-O 7. O-O Re8 8. e4
Bg4 9. h3 Bxf3 10. Bxf3 a6 11. Rb1 Nbd7 12. Be3 Nf8 13. Bg2 Ne6 14. f4 Nd7 15.
Ne2 Bf6 16. Qd2 a5 17. b3 Qe7 18. Rbe1 Ndc5 19. Kh1 Nf8 20. f5 h6 21. Qc2 Nh7
22. Bf2 Qd8 23. a3 a4 24. b4 Nb3 25. Nc3 Nd4 26. Qd1 Qb8 27. Bg1 b5 28. Rf2 Qd8
29. Ra2 Rb8 30. cxb5 cxb5 31. Nd5 Rc8 32. Qb1 Nb3 33. Rc2 Rxc2 34. Qxc2 Qb8 35.
Qb2 Rc8 36. Re2 Bd8 37. Rc2 Nf6 38. Rxc8 Qxc8 39. Qc3 Qb7 40. Nxf6+ Bxf6 41. h4
Bd8 42. d4 exd4 43. Bxd4 Nxd4 44. Qxd4 Qc7 45. Qd3 1/2-1/2

[Event "Druga liga Srbije- Grupa Vojvodina 2014"]
[Site "Kac, hotel "]
[Date "2014.11.13"]
[Round "8.4"]
[White "Elez, Nikola"]
[Black "Lalic, Dragan"]
[Result "1/2-1/2"]
[WhiteElo "2168"]
[BlackElo "2263"]
[PlyCount "111"]
[EventDate "2014.11.08"]

1. e4 d6 2. d4 Nf6 3. Nd2 e5 4. c3 g6 5. Ngf3 Nbd7 6. Bd3 Bg7 7. O-O O-O 8. Re1
Re8 9. h3 h6 10. Nf1 Nh5 11. a4 a5 12. Be3 Nf4 13. Bxf4 exf4 14. Qd2 g5 15. Bc2
Nf8 16. Rad1 c6 17. e5 d5 18. h4 Bg4 19. N1h2 Bh5 20. hxg5 hxg5 21. Bf5 Ng6 22.
Qd3 Nh4 23. Ng4 Nxf5 24. Qxf5 Qc8 25. Nf6+ Bxf6 26. Qxf6 Qd8 27. Qf5 Bxf3 28.
gxf3 Re6 29. Kg2 Qc8 30. Rh1 Rg6 31. Qh3 Kf8 32. Qxc8+ Rxc8 33. Rh8+ Rg8 34.
Rxg8+ Kxg8 35. Kh3 Kg7 36. Kg4 Kg6 37. Rh1 Rg8 38. Rh5 f5+ 39. exf6 Kxf6 40.
Rh6+ Rg6 41. Rh7 Rg8 42. Rh6+ Rg6 43. Rh8 Rg7 44. Rf8+ Ke6 45. Rf5 Rh7 46. Rxg5
Rh2 47. Kxf4 Rxf2 48. Re5+ Kf6 49. b3 Rc2 50. Re3 Rb2 51. c4 dxc4 52. bxc4 Rb4
53. c5 Rxd4+ 54. Re4 Rd1 55. Rc4 Rh1 56. Ke4 1/2-1/2

[Event "Druga liga Srbije- Grupa Vojvodina 2014"]
[Site "Kac, hotel "]
[Date "2014.11.13"]
[Round "8.4"]
[White "Mijatovic, Dejan"]
[Black "Gavric, Zivojin"]
[Result "1-0"]
[WhiteElo "2251"]
[BlackElo "2104"]
[PlyCount "55"]
[EventDate "2014.11.08"]

1. d4 d5 2. Nf3 Nf6 3. Bf4 c6 4. e3 Nh5 5. Bg5 h6 6. Bh4 Qb6 7. b3 Nf6 8. Bd3
Ne4 9. Bxe4 dxe4 10. Nfd2 Bf5 11. O-O g5 12. Bg3 Bg6 13. Nc3 f5 14. Nc4 Qd8 15.
Ne5 Rg8 16. Nxg6 Rxg6 17. Qh5 Kf7 18. f3 exf3 19. Rxf3 e6 20. e4 Qxd4+ 21. Kh1
f4 22. Bxf4 gxf4 23. Rxf4+ Kg7 24. Raf1 Qd7 25. Rxf8 Qe7 26. Rg8+ Kxg8 27.
Qxg6+ Qg7 28. Qe8+ 1-0

[Event "Druga liga Srbije- Grupa Vojvodina 2014"]
[Site "Kac, hotel "]
[Date "2014.11.13"]
[Round "8.4"]
[White "Zobenica, Ivan"]
[Black "Popov, Stevan"]
[Result "1-0"]
[WhiteElo "2106"]
[BlackElo "2159"]
[PlyCount "63"]
[EventDate "2014.11.08"]

1. e4 e5 2. Nf3 Nc6 3. Bc4 Nf6 4. d3 Be7 5. Nc3 d6 6. h3 O-O 7. O-O Na5 8. Bb3
Nxb3 9. axb3 h6 10. d4 exd4 11. Qxd4 a6 12. Re1 Be6 13. Bf4 Qd7 14. Rad1 Rad8
15. Qe3 Qc8 16. Rd3 Nh7 17. Nd5 Bxd5 18. Rxd5 Bf6 19. Nd4 Bxd4 20. Qxd4 Rfe8
21. Re3 Nf8 22. Rg3 Ne6 23. Qc3 Kf8 24. Rf5 Ke7 25. Rxg7 Nxg7 26. Qxg7 Qe6 27.
Bxh6 Kd7 28. Bg5 Rc8 29. Rxf7+ Kc6 30. Qc3+ Kb6 31. Be3+ c5 32. Qb4+ 1-0

[Event "Druga liga Srbije- Grupa Vojvodina 2014"]
[Site "Kac, hotel "]
[Date "2014.11.13"]
[Round "8.4"]
[White "Adamov, Ivan"]
[Black "Indjic, Stefan"]
[Result "1-0"]
[WhiteElo "1947"]
[BlackElo "2080"]
[PlyCount "111"]
[EventDate "2014.11.08"]

1. e4 c5 2. Nf3 Nc6 3. d4 cxd4 4. Nxd4 Nf6 5. Nc3 d6 6. Be2 e5 7. Nf3 h6 8. O-O
Be7 9. Re1 O-O 10. h3 a6 11. Bf1 b5 12. Nd5 Bb7 13. Nxf6+ Bxf6 14. c3 Re8 15.
a4 b4 16. cxb4 Nxb4 17. Qb3 a5 18. Bd2 d5 19. Bxb4 axb4 20. Qxb4 dxe4 21. Qxb7
exf3 22. Qxf3 Qd4 23. Bb5 e4 24. Qd1 Re7 25. Qxd4 Bxd4 26. Ra2 Re5 27. Bc4 Rd8
28. b3 Bc3 29. Rc1 Bb4 30. Raa1 e3 31. fxe3 Rxe3 32. a5 Rd2 33. a6 Bc5 34. Kh1
Rg3 35. Bf1 Bd4 36. a7 Bxa7 37. Rxa7 Rxb3 38. Bc4 Rg3 39. Rxf7 Kh7 40. Bf1 h5
41. Rf3 Rxf3 42. gxf3 Kh6 43. h4 Kg6 44. Rc5 Kh6 45. Re5 Kg6 46. Bg2 Rd4 47.
Re4 Rd2 48. Kh2 Kf6 49. Kg3 g5 50. hxg5+ Kxg5 51. Re5+ Kg6 52. Bf1 Rd4 53. Bb5
h4+ 54. Kh3 Rf4 55. Bc6 Kh6 56. Be4 1-0

[Event "Druga liga Srbije- Grupa Vojvodina 2014"]
[Site "Kac, hotel "]
[Date "2014.11.13"]
[Round "8.5"]
[White "Vujadinovic, Goran"]
[Black "Kokeza, Mirko"]
[Result "1-0"]
[WhiteElo "2346"]
[BlackElo "2265"]
[PlyCount "79"]
[EventDate "2014.11.08"]

1. e4 d5 2. Nc3 d4 3. Nce2 e5 4. Ng3 g6 5. Bc4 h5 6. h3 h4 7. Nf1 Nc6 8. Nf3
Bh6 9. b4 Qe7 10. c3 Nf6 11. Qa4 Nd7 12. Bd5 Ncb8 13. cxd4 c6 14. Bb3 exd4 15.
d3 Bxc1 16. Rxc1 Ne5 17. Nxe5 Qxe5 18. Nd2 Qg5 19. b5 O-O 20. Qxd4 cxb5 21. Qc5
Qf4 22. Nf3 Nc6 23. Qe3 Ne5 24. Nxe5 Qxe5 25. d4 Qe7 26. O-O a5 27. Rc5 a4 28.
Bd5 b6 29. Rxb5 Rb8 30. Rfb1 Qf6 31. e5 Qd8 32. e6 fxe6 33. Bxe6+ Kh7 34. d5
Qf6 35. Rxb6 Rxb6 36. Rxb6 Qa1+ 37. Kh2 Qxa2 38. Bxc8 Qxd5 39. Qe7+ Rf7 40.
Qxf7+ 1-0

[Event "Druga liga Srbije- Grupa Vojvodina 2014"]
[Site "Kac, hotel "]
[Date "2014.11.13"]
[Round "8.5"]
[White "Mastrapovic, Vladimir"]
[Black "Vukovic, Miroslav R"]
[Result "1-0"]
[WhiteElo "2274"]
[BlackElo "2183"]
[PlyCount "75"]
[EventDate "2014.11.08"]

1. d4 d5 2. Nf3 Nf6 3. g3 Bf5 4. Bg2 c6 5. O-O e6 6. c4 Be7 7. Nc3 Nbd7 8. b3
O-O 9. Nh4 Bb4 10. Bb2 Bg4 11. a3 Ba5 12. c5 Bc7 13. f4 Bf5 14. Qe1 h6 15. h3
Bc2 16. b4 g5 17. Nf3 g4 18. Ne5 Bf5 19. hxg4 Nxg4 20. e4 dxe4 21. Nxe4 f6 22.
Nxg4 Bxg4 23. Nf2 Bf5 24. g4 Bg6 25. Qe3 Re8 26. Rae1 Nf8 27. b5 Qd7 28. Ne4
Nh7 29. Qb3 Qg7 30. Ng3 cxb5 31. d5 exd5 32. Bxd5+ Kh8 33. g5 Rxe1 34. gxf6
Rxf1+ 35. Nxf1 Qf7 36. Bxf7 Bxf7 37. Qxf7 Rg8+ 38. Kf2 1-0

[Event "Druga liga Srbije- Grupa Vojvodina 2014"]
[Site "Kac, hotel "]
[Date "2014.11.13"]
[Round "8.5"]
[White "Tomic, Vjekoslav"]
[Black "Bogic, Stevan"]
[Result "0-1"]
[WhiteElo "2237"]
[BlackElo "2199"]
[PlyCount "98"]
[EventDate "2014.11.08"]

1. e4 c5 2. Nf3 d6 3. Bb5+ Bd7 4. Bxd7+ Qxd7 5. O-O Nc6 6. Qe2 Nf6 7. Rd1 e6 8.
d4 cxd4 9. Nxd4 Be7 10. c4 Nxd4 11. Rxd4 Qc6 12. Nc3 Nd7 13. Rd1 a6 14. Bf4 Ne5
15. b3 O-O 16. a4 Ng6 17. Bd2 Rfe8 18. Qd3 Ne5 19. Qc2 Rac8 20. Rac1 Red8 21.
h3 g5 22. Be3 Ng6 23. Qd2 h6 24. Qe2 Bf6 25. Qg4 Be5 26. g3 Kh7 27. Qh5 Kg7 28.
Qe2 Kh7 29. Kh2 Bxc3 30. Rxc3 Qxe4 31. Rd4 Qf5 32. Rcd3 Ne5 33. g4 Nf3+ 34. Kg2
Nxd4 35. Bxd4 Qg6 36. Rf3 e5 37. Bb6 Rd7 38. Rf5 d5 39. Be3 d4 40. Bd2 Re8 41.
h4 e4 42. hxg5 e3 43. fxe3 dxe3 44. Bc3 Qc6+ 45. Kh2 Qe4 46. Qf1 Ree7 47. Qh3
Qc2+ 48. Kg3 Qxc3 49. Qxh6+ Kg8 0-1

[Event "Druga liga Srbije- Grupa Vojvodina 2014"]
[Site "Kac, hotel "]
[Date "2014.11.13"]
[Round "8.5"]
[White "Markovic, Dragan M"]
[Black "Curakovic, Dragan"]
[Result "0-1"]
[WhiteElo "2017"]
[BlackElo "2140"]
[PlyCount "84"]
[EventDate "2014.11.08"]

1. Nf3 d5 2. g3 Nf6 3. Bg2 Nbd7 4. d4 e6 5. O-O Bd6 6. Nc3 c6 7. Bg5 h6 8. Bxf6
Nxf6 9. Nd2 e5 10. dxe5 Bxe5 11. Nf3 Bxc3 12. bxc3 O-O 13. c4 dxc4 14. Qc1 Qc7
15. c3 Rb8 16. Nd4 a6 17. e4 c5 18. Ne2 Re8 19. f3 Bd7 20. Rd1 Ba4 21. Re1 Rbd8
22. Rb1 b5 23. Nf4 b4 24. Bf1 Bb5 25. a4 bxa3 26. Qxa3 Qe5 27. Rbd1 g5 28. Rxd8
Rxd8 29. Ng2 Rd2 30. Qc1 Rd8 31. f4 gxf4 32. gxf4 Qh5 33. Qe3 Rd3 34. Bxd3 cxd3
35. e5 Nd5 36. Qd2 c4 37. e6 fxe6 38. Rxe6 Kg7 39. Re5 Qf3 40. Re1 Bc6 41. Rf1
Qg4 42. Qf2 Ne3 0-1

[Event "Druga liga Srbije- Grupa Vojvodina 2014"]
[Site "Kac, hotel "]
[Date "2014.11.13"]
[Round "8.6"]
[White "Veljkovic, Vojislav"]
[Black "Leskur, Dejan"]
[Result "0-1"]
[WhiteElo "2224"]
[BlackElo "2382"]
[PlyCount "70"]
[EventDate "2014.11.08"]

1. Nf3 g6 2. e4 Bg7 3. Bc4 c6 4. O-O d5 5. Bb3 dxe4 6. Ng5 Nh6 7. Nxe4 Nf5 8.
c3 O-O 9. d4 Nd7 10. g4 Nd6 11. Nbd2 b6 12. Qe2 Nf6 13. f3 Nd5 14. Nc4 Ba6 15.
Re1 h6 16. Bd2 Rc8 17. Nexd6 exd6 18. Qf2 b5 19. Ne3 Nf4 20. Qg3 Nd3 21. Reb1
c5 22. Bc2 b4 23. d5 Nxb2 24. Nd1 Nc4 25. Bf4 bxc3 26. Rb3 Qa5 27. Qh4 Nd2 28.
Kg2 Nxb3 29. Bxh6 Nxa1 30. Bxg7 Kxg7 31. Bxg6 fxg6 32. Ne3 Qd8 33. g5 Rh8 34.
Qe1 Qxg5+ 35. Kh1 Rxh2+ 0-1

[Event "Druga liga Srbije- Grupa Vojvodina 2014"]
[Site "Kac, hotel "]
[Date "2014.11.13"]
[Round "8.6"]
[White "Robulj, Nenad"]
[Black "Savanovic, Vuk"]
[Result "1/2-1/2"]
[WhiteElo "2329"]
[BlackElo "2292"]
[PlyCount "96"]
[EventDate "2014.11.08"]

1. e4 c5 2. Nf3 Nc6 3. c3 d5 4. exd5 Qxd5 5. d4 Bg4 6. Be2 e6 7. O-O Nf6 8. Be3
cxd4 9. Nxd4 Bxe2 10. Qxe2 Nxd4 11. Bxd4 Be7 12. Nd2 O-O 13. Rfd1 Qc6 14. Nf3
Rfd8 15. c4 Qe4 16. Kf1 Qxe2+ 17. Kxe2 Ne4 18. Ke3 Nd6 19. b3 Nf5+ 20. Ke2
Nxd4+ 21. Rxd4 Bf6 22. Rxd8+ Rxd8 23. Rd1 Rxd1 24. Kxd1 Kf8 25. Kc2 Ke7 26. Kd3
Kd6 27. b4 Kc6 28. Nd4+ Kd7 29. c5 a6 30. a4 Bxd4 31. Kxd4 f6 32. b5 axb5 33.
axb5 Kc7 34. f4 Kd7 35. g4 Kc7 36. h4 h6 37. g5 h5 38. Ke4 Kc8 39. g6 Kc7 40.
f5 e5 41. Kd5 Kd7 42. Ke4 Kc7 43. Kd5 Kd7 44. Kc4 Kc7 45. Kd5 Kd7 46. Ke4 Kc7
47. Kd3 Kd7 48. Ke4 Kc7 1/2-1/2

[Event "Druga liga Srbije- Grupa Vojvodina 2014"]
[Site "Kac, hotel "]
[Date "2014.11.13"]
[Round "8.6"]
[White "Banovic, Ivan"]
[Black "Joksimovic, Dragoljub"]
[Result "0-1"]
[WhiteElo "2226"]
[BlackElo "2205"]
[PlyCount "154"]
[EventDate "2014.11.08"]

1. d4 Nf6 2. c4 g6 3. Nc3 Bg7 4. e4 d6 5. Be2 O-O 6. Nf3 c6 7. O-O a6 8. d5 a5
9. h3 Na6 10. Be3 Re8 11. Nd4 Bd7 12. Rb1 Nc7 13. Qc2 e6 14. dxe6 Nxe6 15. Nxe6
Bxe6 16. Rbd1 Qe7 17. Rfe1 Red8 18. b3 Qf8 19. f4 Bd7 20. g4 b5 21. Bb6 Rdc8
22. Bf2 Rc7 23. Qd2 b4 24. Na4 Nxe4 25. Qd3 Nxf2 26. Kxf2 Bf6 27. Kg2 Be7 28.
Nb6 Rd8 29. Nxd7 Rcxd7 30. Bf3 d5 31. cxd5 cxd5 32. Qb5 Bh4 33. Re5 d4 34. Qc5
Be7 35. Qxa5 d3 36. Qb5 Qh6 37. g5 Qh4 38. Bg4 Rc7 39. Rxd3 Rc2+ 40. Re2 Rxe2+
41. Bxe2 Rxd3 42. Bxd3 Qxf4 43. Qe8+ Bf8 44. Qd8 Kg7 45. Bc4 Bc5 46. Qf6+ Qxf6
47. gxf6+ Kxf6 48. Kf3 Ke7 49. Ke4 f5+ 50. Ke5 Bd6+ 51. Kd5 Bf4 52. Kd4 Kf6 53.
Kd3 h6 54. Ke2 Bd6 55. Kf3 g5 56. Bd3 h5 57. Bb5 g4+ 58. hxg4 hxg4+ 59. Kf2 Kg5
60. Bd7 f4 61. Bc6 Kh4 62. Kg2 Kg5 63. Kf2 Bc5+ 64. Kg2 f3+ 65. Bxf3 gxf3+ 66.
Kxf3 Kf5 67. Ke2 Kf4 68. Kd2 Ke4 69. Kc2 Bf8 70. Kd2 Be7 71. Kc2 Ke3 72. Kd1
Kd3 73. Kc1 Kc3 74. Kb1 Bg5 75. Ka1 Kc2 76. a3 bxa3 77. b4 Kb3 0-1

[Event "Druga liga Srbije- Grupa Vojvodina 2014"]
[Site "Kac, hotel "]
[Date "2014.11.13"]
[Round "8.6"]
[White "Cvetkovic, Slavko"]
[Black "Krejic, Igor"]
[Result "0-1"]
[WhiteElo "2217"]
[BlackElo "2213"]
[PlyCount "118"]
[EventDate "2014.11.08"]

1. d4 Nf6 2. Nf3 e6 3. c3 c5 4. g3 Nc6 5. Bg2 d5 6. Ne5 Bd6 7. f4 Qc7 8. e3 O-O
9. O-O Ne4 10. Nd2 Nxd2 11. Bxd2 f6 12. Nxc6 Qxc6 13. b4 b6 14. a4 cxb4 15.
cxb4 Bd7 16. Qb3 b5 17. Rfc1 Qb7 18. a5 a6 19. f5 Rac8 20. fxe6 Bxe6 21. Qd3
Qe7 22. Qb3 Rc4 23. Rxc4 dxc4 24. Qb2 Bf5 25. Re1 Be4 26. Bc3 Re8 27. Qd2 Bxg2
28. Kxg2 Qe4+ 29. Kg1 Qd5 30. Qg2 Qxg2+ 31. Kxg2 Re4 32. Kf3 f5 33. Rd1 h5 34.
h3 Bxg3 35. d5 Bd6 36. Rg1 Be5 37. Bxe5 Rxe5 38. Rg6 Rxd5 39. Rxa6 Rd2 40. Rb6
Rb2 41. Rxb5 c3 42. Rc5 Rxb4 43. Rxc3 Ra4 44. Rc5 g6 45. Rc6 Kg7 46. a6 Kh6 47.
Rd6 h4 48. Ke2 Ra3 49. Kf3 Kg5 50. Rc6 Ra5 51. Ke2 Ra3 52. Kf3 Kh5 53. Kf4 Ra5
54. Rf6 g5+ 55. Kf3 g4+ 56. hxg4+ fxg4+ 57. Kf4 g3 58. Rb6 g2 59. Rb1 Rxa6 0-1

[Event "Druga liga Srbije- Grupa Vojvodina 2014"]
[Site "Kac, hotel "]
[Date "2014.11.13"]
[Round "8.6"]
[White "Pavlik, Goran"]
[Black "Mitrovic, Zivadin"]
[Result "1-0"]
[WhiteElo "2195"]
[BlackElo "2186"]
[PlyCount "98"]
[EventDate "2014.11.08"]

1. e4 d5 2. exd5 Nf6 3. Bb5+ Bd7 4. Be2 Nxd5 5. d4 e6 6. Nf3 Be7 7. O-O O-O 8.
c4 Nf6 9. Nc3 c5 10. d5 exd5 11. cxd5 Bg4 12. h3 Bh5 13. Bf4 Bd6 14. Bg5 h6 15.
Bh4 g5 16. Bg3 Bxg3 17. fxg3 Qd6 18. g4 Bg6 19. Nb5 Qb6 20. a4 a6 21. a5 Qd8
22. Nc3 Nbd7 23. Bd3 Bxd3 24. Qxd3 Re8 25. Qf5 Qe7 26. Rae1 Qd6 27. Ne4 Nxe4
28. Rxe4 Rxe4 29. Qxe4 Nf6 30. Qf5 Kg7 31. Nxg5 Rf8 32. Ne4 Nxe4 33. Qxe4 Rd8
34. Rf5 Rd7 35. g5 h5 36. Re5 b5 37. axb6 Qxb6 38. Qf5 Qd6 39. g6 fxg6 40. Qe4
a5 41. Re6 Qg3 42. Re7+ Rxe7 43. Qxe7+ Kh6 44. d6 Qf4 45. d7 Qc1+ 46. Kf2 Qd2+
47. Kg3 g5 48. Qf8+ Kg6 49. d8=Q Qe1+ 1-0

[Event "Druga liga Srbije- Grupa Vojvodina 2014"]
[Site "Kac, hotel "]
[Date "2014.11.13"]
[Round "8.6"]
[White "Vlajkovic, Goran"]
[Black "Djurnic, Strahinja"]
[Result "1-0"]
[WhiteElo "2099"]
[BlackElo "2048"]
[PlyCount "111"]
[EventDate "2014.11.08"]

1. d4 Nf6 2. c4 g6 3. Nc3 Bg7 4. e4 d6 5. f4 O-O 6. Nf3 c5 7. dxc5 dxc5 8. Qxd8
Rxd8 9. e5 Ne8 10. Be3 b6 11. Nd5 Nc6 12. O-O-O Bf5 13. Be2 f6 14. exf6 Nxf6
15. Ne5 Nxe5 16. Nxe7+ Kh8 17. fxe5 Ng4 18. Nxf5 Nxe3 19. Nxe3 Bh6 20. Bf3
Bxe3+ 21. Kc2 Rxd1 22. Rxd1 Re8 23. Rd7 Bf4 24. h3 Bxe5 25. Rxa7 Rd8 26. Re7
Bf4 27. Bd5 Rd6 28. Rb7 Be5 29. Kb3 Rf6 30. Ka3 Bf4 31. Ka4 Bc1 32. b3 Rf2 33.
Kb5 Rxa2 34. Kxb6 Be3 35. Kb5 Rb2 36. Kc6 Bd4 37. h4 Bf2 38. Bf3 Ra2 39. h5
gxh5 40. Bxh5 Be3 41. Bf3 Rb2 42. Be4 h6 43. Kd5 Kg8 44. Ke5 Bd4+ 45. Kf5 Kf8
46. Ke6 Re2 47. Kd5 Rb2 48. b4 Be3 49. b5 Ke8 50. Rh7 Kd8 51. Kc6 Rf2 52. Bf3
Rc2 53. Bd5 Rf2 54. b6 Rf6+ 55. Kb5 Bf4 56. Rh8+ 1-0

[Event "Druga liga Srbije- Grupa Vojvodina 2014"]
[Site "Kac, hotel "]
[Date "2014.11.13"]
[Round "9.1"]
[White "Leskur, Dejan"]
[Black "Kopasz, Robert"]
[Result "1/2-1/2"]
[WhiteElo "2382"]
[BlackElo "2322"]
[PlyCount "56"]
[EventDate "2014.11.08"]

1. e4 e5 2. Nf3 Nc6 3. Bb5 a6 4. Ba4 Nf6 5. O-O Be7 6. Re1 b5 7. Bb3 d6 8. c3
O-O 9. d3 Na5 10. Bc2 c5 11. Nbd2 Re8 12. Nf1 Bf8 13. Bg5 h6 14. Bh4 Be7 15.
Ne3 Nc6 16. d4 exd4 17. cxd4 Ng4 18. Bxe7 Nxe7 19. Nf1 cxd4 20. Nxd4 Ng6 21. h3
N4e5 22. Nf5 Qg5 23. Re3 Nc4 24. Rg3 Qf6 25. b3 Na3 26. Rc1 Nxc2 27. Rxc2 Bxf5
28. exf5 Qxf5 1/2-1/2

[Event "Druga liga Srbije- Grupa Vojvodina 2014"]
[Site "Kac, hotel "]
[Date "2014.11.13"]
[Round "9.1"]
[White "Simonyi, Zoltan"]
[Black "Robulj, Nenad"]
[Result "1/2-1/2"]
[WhiteElo "2282"]
[BlackElo "2329"]
[PlyCount "123"]
[EventDate "2014.11.08"]

1. c4 Nf6 2. Nc3 d5 3. cxd5 Nxd5 4. Nf3 Nxc3 5. bxc3 g6 6. h4 h6 7. h5 g5 8.
Qc2 Bg7 9. g3 c5 10. Bg2 Nc6 11. Rb1 Qc7 12. Qe4 Bd7 13. O-O Qc8 14. Qc2 Bg4
15. Ba3 Bxh5 16. Bxc5 O-O 17. Rfc1 b6 18. Ba3 Qa6 19. Bb2 Qxe2 20. Re1 Qc4 21.
d3 Bg6 22. dxc4 Bxc2 23. Rbc1 Bd3 24. Nd4 Nxd4 25. cxd4 Rac8 26. Rxe7 Rxc4 27.
Bd5 Rxc1+ 28. Bxc1 Bxd4 29. Rxa7 Bg6 30. Rd7 Rc8 31. Ba3 Bc5 32. Bxc5 Rxc5 33.
f3 Kg7 34. Bb3 b5 35. Kf2 h5 36. Ke3 Re5+ 37. Kf2 Rc5 38. a4 Rc3 39. Bd1 bxa4
40. Bxa4 Kh6 41. Rd4 Kg7 42. Rb4 Bf5 43. Bb3 g4 44. Bd1 gxf3 45. Bxf3 Bg6 46.
Be4 f5 47. Bf3 Kh6 48. Rh4 Kg5 49. Rb4 Rc2+ 50. Kg1 Bf7 51. Rh4 Rb2 52. Ra4 Be8
53. Rh4 Rc2 54. Rb4 Bc6 55. Bxc6 Rxc6 56. Kg2 Rc2+ 57. Kf3 Rh2 58. Ra4 h4 59.
Rxh4 Rxh4 60. gxh4+ Kxh4 61. Kf4 Kh5 62. Kxf5 1/2-1/2

[Event "Druga liga Srbije- Grupa Vojvodina 2014"]
[Site "Kac, hotel "]
[Date "2014.11.13"]
[Round "9.1"]
[White "Joksimovic, Dragoljub"]
[Black "Nagy, Attila N"]
[Result "1-0"]
[WhiteElo "2205"]
[BlackElo "2221"]
[PlyCount "125"]
[EventDate "2014.11.08"]

1. c4 c5 2. Nc3 b6 3. e4 d6 4. d3 Nf6 5. f4 e6 6. Nf3 Bb7 7. Be2 Be7 8. O-O O-O
9. h3 Nc6 10. g4 Nd4 11. g5 Nd7 12. h4 f5 13. Be3 Nxe2+ 14. Qxe2 fxe4 15. dxe4
a6 16. Rad1 Qe8 17. Nh2 b5 18. Qg4 Qf7 19. e5 b4 20. Ne2 d5 21. cxd5 Nb6 22. d6
Bd8 23. Bxc5 Qd7 24. Nd4 Na4 25. Qxe6+ Qxe6 26. Nxe6 Nxc5 27. Nxf8 Bb6 28. Ng4
Rxf8 29. Kh2 Bc6 30. f5 Bb5 31. Rf4 a5 32. Ne3 Nd3 33. Rxd3 Bxd3 34. Nd5 Bc5
35. Ne7+ Kf7 36. h5 Rd8 37. g6+ hxg6 38. hxg6+ Ke8 39. Nd5 Rxd6 40. f6 gxf6 41.
Nxf6+ Rxf6 42. Rxf6 Bd4 43. Kh3 Bxb2 44. g7 Bc4 45. e6 Bxe6+ 46. Rxe6+ Kf7 47.
Re7+ Kg8 48. Ra7 Bxg7 49. Rxa5 Kf7 50. Kg4 Ke6 51. Kf3 Kd6 52. Ke4 Kc6 53. Kd3
Kd6 54. Rg5 Bc3 55. a4 Kc6 56. Kc4 Kb6 57. a5+ Ka6 58. Kb3 Be1 59. Rf5 Bc3 60.
Rd5 Be1 61. Ka4 b3 62. Rd6+ Ka7 63. Rb6 1-0